Normal view
MARC view
Entry Personal Name
001 - CONTROL NUMBER
- control field: 76540
003 - CONTROL NUMBER IDENTIFIER
- control field: dpl
005 - DATE AND TIME OF LATEST TRANSACTION
- control field: 20250114124432.0
008 - FIXED-LENGTH DATA ELEMENTS
- fixed length control field: 250114|| aca||aabn | a|a d
040 ## - CATALOGING SOURCE
- Original cataloging agency: dpl
- Transcribing agency: dpl
100 ## - HEADING--PERSONAL NAME
- Personal name: Khan, Humayun Rasheed
670 ## - SOURCE DATA FOUND
- Source citation: Work cat.: (dpl)208469: Khan, Humayun Rasheed , Crime, Punishment and Due Sentence: Judicial Approach to Guilt in Criminal Justice/, 2024
